<?xml version="1.0" encoding="UTF-8"?>
<record
    xmlns:xsi="http://www.w3.org/2001/XMLSchema-instance"
    xsi:schemaLocation="http://www.loc.gov/MARC21/slim http://www.loc.gov/standards/marcxml/schema/MARC21slim.xsd"
    xmlns="http://www.loc.gov/MARC21/slim">

  <leader>03204cam a2200481 i 4500</leader>
  <controlfield tag="001">ocn992564476</controlfield>
  <controlfield tag="003">OCoLC</controlfield>
  <controlfield tag="005">20260123160744.0</controlfield>
  <controlfield tag="008">180413m2017uuuugw a     b    001 0 eng  </controlfield>
  <datafield tag="010" ind1=" " ind2=" ">
    <subfield code="a">  2018383205</subfield>
  </datafield>
  <datafield tag="020" ind1=" " ind2=" ">
    <subfield code="a">9783836563079</subfield>
    <subfield code="q">(volume 1)</subfield>
  </datafield>
  <datafield tag="020" ind1=" " ind2=" ">
    <subfield code="a">9783836570374</subfield>
    <subfield code="q">(volume 2)</subfield>
  </datafield>
  <datafield tag="035" ind1=" " ind2=" ">
    <subfield code="a">(OCoLC)992564476</subfield>
  </datafield>
  <datafield tag="040" ind1=" " ind2=" ">
    <subfield code="a">DLC</subfield>
    <subfield code="b">eng</subfield>
    <subfield code="e">rda</subfield>
    <subfield code="c">DLC</subfield>
    <subfield code="d">CPL</subfield>
    <subfield code="d">OCLCF</subfield>
    <subfield code="d">JQW</subfield>
    <subfield code="d">OHX</subfield>
    <subfield code="d">JPG</subfield>
    <subfield code="d">IAO</subfield>
    <subfield code="d">LTSCA</subfield>
    <subfield code="d">S1C</subfield>
    <subfield code="d">VOD</subfield>
    <subfield code="d">NRC</subfield>
    <subfield code="d">YDX</subfield>
    <subfield code="d">OCLCO</subfield>
    <subfield code="d">IGA</subfield>
    <subfield code="d">OCLCQ</subfield>
    <subfield code="d">OKX</subfield>
    <subfield code="d">FWA</subfield>
    <subfield code="d">UBY</subfield>
    <subfield code="d">ZCU</subfield>
    <subfield code="d">CUI</subfield>
    <subfield code="d">CSA</subfield>
    <subfield code="d">PUL</subfield>
    <subfield code="d">OCL</subfield>
    <subfield code="d">OCLCQ</subfield>
    <subfield code="d">OCLCO</subfield>
    <subfield code="d">IUL</subfield>
    <subfield code="d">YUS</subfield>
  </datafield>
  <datafield tag="041" ind1="0" ind2=" ">
    <subfield code="a">eng</subfield>
    <subfield code="a">ger</subfield>
    <subfield code="a">fre</subfield>
  </datafield>
  <datafield tag="042" ind1=" " ind2=" ">
    <subfield code="a">pcc</subfield>
  </datafield>
  <datafield tag="050" ind1="0" ind2="0">
    <subfield code="a">NC998.4</subfield>
    <subfield code="b">.H555 2017</subfield>
  </datafield>
  <datafield tag="245" ind1="0" ind2="4">
    <subfield code="a">The history of graphic design</subfield>
    <subfield code="c">/ edited by Jens M&#xFC;ller, Julius Wiedemann ; English translation: Isabel Varea-Riley ; German translation: Ursula Wulfekamp ; French translation: Wolf Fruhtrunk.</subfield>
  </datafield>
  <datafield tag="246" ind1="1" ind2="4">
    <subfield code="a">Graphic design</subfield>
  </datafield>
  <datafield tag="260" ind1=" " ind2=" ">
    <subfield code="a">Cologne :</subfield>
    <subfield code="b">Taschen,</subfield>
    <subfield code="c">2017.</subfield>
  </datafield>
  <datafield tag="300" ind1=" " ind2=" ">
    <subfield code="a">volumes :</subfield>
    <subfield code="b">illustrations (chiefly color) ;</subfield>
    <subfield code="c">38 cm</subfield>
  </datafield>
  <datafield tag="500" ind1=" " ind2=" ">
    <subfield code="a">Vol. 1. 1890-1959. Vol. 2. 1960-today.</subfield>
  </datafield>
  <datafield tag="504" ind1=" " ind2=" ">
    <subfield code="a">Includes bibliographical references (volume 1, pages 471-473; volume 2, pages 473-475) and indexes.</subfield>
  </datafield>
  <datafield tag="505" ind1="0" ind2="0">
    <subfield code="g">Volume 1, 1890-1959. A visual history &#x2014; Pre-history of graphic design &#x2014; 1890-1899 &#x2014; 1900-1909 &#x2014; 1910-1919 &#x2014; 1920-1929 &#x2014; 1930-1939 &#x2014; 1940-1949 &#x2014; 1950-1959.</subfield>
  </datafield>
  <datafield tag="505" ind1="0" ind2="0">
    <subfield code="g">Volume 2, 1960-Today. Graphic design and beyond &#x2014; 1960-1969 &#x2014; 1970-1079 &#x2014; 1980-1989 &#x2014; 1990-1999 &#x2014; 2000-2009 &#x2014; 2010-today.</subfield>
  </datafield>
  <datafield tag="520" ind1=" " ind2=" ">
    <subfield code="a">Volume 1. In this mighty first volume, Jens M&#xFC;ller traces 70 years of graphic design, designers, and developments from the late 19th century through the economic boom after World War II, spanning designs that would form the basis for further revolutions. Year-by-year spreads are combined with in-depth features on hundreds of landmark projects, profiles of industry leaders, as well as visual timelines of each decade.</subfield>
  </datafield>
  <datafield tag="520" ind1=" " ind2=" ">
    <subfield code="a">Volume 2. This second volume rounds off the most comprehensive exploration of graphic design to date. Some 3,000 seminal designs from around the globe guide us in a visual map through contemporary history, from the establishment of the International Style to the rise of the groundbreaking digital age. Around 80 key examples go under the microscope in detailed analyses, supported by 118 biographies of the era's most important designs, including Massimo Vignelli, Otl Aicher, Shin Matsunaga, Paula Scher, Neville Brody, and Stefan Sagmeister.</subfield>
  </datafield>
  <datafield tag="546" ind1=" " ind2=" ">
    <subfield code="a">Text in English, German, and French.</subfield>
  </datafield>
  <datafield tag="648" ind1=" " ind2="0">
    <subfield code="a">1900-1999</subfield>
    <subfield code="9">23039</subfield>
  </datafield>
  <datafield tag="650" ind1=" " ind2="0">
    <subfield code="a">Graphic arts</subfield>
    <subfield code="x">History</subfield>
    <subfield code="y">20th century</subfield>
    <subfield code="9">26650</subfield>
  </datafield>
  <datafield tag="650" ind1=" " ind2="0">
    <subfield code="a">Commercial art</subfield>
    <subfield code="x">History</subfield>
    <subfield code="y">20th century</subfield>
    <subfield code="9">26651</subfield>
  </datafield>
  <datafield tag="650" ind1=" " ind2="0">
    <subfield code="a">Graphic arts</subfield>
    <subfield code="x">History</subfield>
    <subfield code="v">Pictorial works</subfield>
    <subfield code="9">26652</subfield>
  </datafield>
  <datafield tag="650" ind1=" " ind2="0">
    <subfield code="a">Commercial art</subfield>
    <subfield code="x">History</subfield>
    <subfield code="v">Pictorial works</subfield>
    <subfield code="9">26653</subfield>
  </datafield>
  <datafield tag="655" ind1=" " ind2="0">
    <subfield code="a">Illustrated works</subfield>
    <subfield code="9">24413</subfield>
  </datafield>
  <datafield tag="655" ind1=" " ind2="0">
    <subfield code="a">History</subfield>
    <subfield code="9">22700</subfield>
  </datafield>
  <datafield tag="655" ind1=" " ind2="0">
    <subfield code="a">Pictorial works</subfield>
    <subfield code="9">23053</subfield>
  </datafield>
  <datafield tag="700" ind1=" " ind2=" ">
    <subfield code="a">M&#xFC;ller, Jens</subfield>
    <subfield code="d">1982-</subfield>
    <subfield code="e">editor</subfield>
    <subfield code="e">writer of introduction</subfield>
    <subfield code="e">book designer</subfield>
    <subfield code="9">26654</subfield>
  </datafield>
  <datafield tag="700" ind1=" " ind2=" ">
    <subfield code="a">Wiedemann, Julius</subfield>
    <subfield code="e">editor</subfield>
    <subfield code="9">23844</subfield>
  </datafield>
  <datafield tag="700" ind1=" " ind2=" ">
    <subfield code="a">Varea Riley, Isabel</subfield>
    <subfield code="e">translator</subfield>
    <subfield code="9">26655</subfield>
  </datafield>
  <datafield tag="700" ind1=" " ind2=" ">
    <subfield code="a">Wulfekamp, Ursula</subfield>
    <subfield code="e">translator</subfield>
    <subfield code="9">26656</subfield>
  </datafield>
  <datafield tag="700" ind1=" " ind2=" ">
    <subfield code="a">Fruhtrunk, Wolf</subfield>
    <subfield code="e">translator</subfield>
    <subfield code="9">26657</subfield>
  </datafield>
  <datafield tag="942" ind1=" " ind2=" ">
    <subfield code="2">lcc</subfield>
  </datafield>
  <datafield tag="952" ind1=" " ind2=" ">
    <subfield code="0">0</subfield>
    <subfield code="1">0</subfield>
    <subfield code="2">lcc</subfield>
    <subfield code="4">0</subfield>
    <subfield code="7">0</subfield>
    <subfield code="a">TBS</subfield>
    <subfield code="b">TBS</subfield>
    <subfield code="d">2026-01-23</subfield>
    <subfield code="l">0</subfield>
    <subfield code="o">NC998.4 MUL (I)</subfield>
    <subfield code="p">B05601</subfield>
    <subfield code="r">2026-01-23</subfield>
    <subfield code="t">1</subfield>
    <subfield code="w">2026-01-23</subfield>
    <subfield code="y">1</subfield>
  </datafield>
  <datafield tag="952" ind1=" " ind2=" ">
    <subfield code="0">0</subfield>
    <subfield code="1">0</subfield>
    <subfield code="2">lcc</subfield>
    <subfield code="4">0</subfield>
    <subfield code="7">0</subfield>
    <subfield code="a">TBS</subfield>
    <subfield code="b">TBS</subfield>
    <subfield code="d">2026-01-23</subfield>
    <subfield code="l">0</subfield>
    <subfield code="o">NC998.4 MUL (II)</subfield>
    <subfield code="p">B05600</subfield>
    <subfield code="r">2026-01-23</subfield>
    <subfield code="t">1</subfield>
    <subfield code="w">2026-01-23</subfield>
    <subfield code="y">1</subfield>
  </datafield>
  <datafield tag="999" ind1=" " ind2=" ">
    <subfield code="c">5299</subfield>
    <subfield code="d">5299</subfield>
  </datafield>
</record>
